000 00577nam a2200205 i 4500
001 69894
003 ES-MaACL
005 20250804062534.0
007 t|
008 040713s1978 sp ||||1| spa d
100 1 _aGarcía Lorca, Federico,
_d1898-1936
_954853
245 1 0 _aProsa /
_cFederico García Lorca.
250 _a[3ª ed.].
260 _aMadrid :
_bAlianza,
_c[1978]
300 _a203 p. ;
_c18 cm.
490 1 _aEl libro de bolsillo ;
_v219
830 0 3 _aEl libro de bolsillo
_v219
_9177802
852 _aES-MaACL
_jA-10693
_bR.100023
999 _c69894
_d69894